Cours de travaux maritimes (Record no. 163684)

MARC details
000 -LEADER
campo de control de longitud fija 00944nam a22002415i 4500
001 - NÚMERO DE CONTROL
campo de control 163684
003 - IDENTIFICADOR DE NÚMERO DE CONTROL
campo de control ES-MaACL
005 - FECHA Y HORA DE LA ÚLTIMA TRANSACCIÓN
campo de control 20250902233321.0
008 - DATOS DE LONGITUD FIJA--INFORMACIÓN GENERAL
campo de control de longitud fija 010227s1900 fr abe |||| | fre d
040 ## - FUENTE DE CATALOGACIÓN
Centro catalogador/agencia de origen CCPB | B
Lengua de catalogación spa
Centro/agencia transcriptor CCPB | B
100 1# - ENTRADA PRINCIPAL--NOMBRE DE PERSONA
Nombre de persona Rochemont, Quinette de
Títulos y otros términos asociados al nombre Baron.
9 (RLIN) 131915
245 10 - MENCIÓN DEL TÍTULO
Título Cours de travaux maritimes
Resto del título : professé a l'École Nationale des Ponts et Chaussées /
Mención de responsabilidad, etc. par le Baron Quinette de Rochemont et Henry Desprez.
260 ## - PUBLICACIÓN, DISTRIBUCIÓN, ETC.
Lugar de publicación, distribución, etc. Paris ;
-- Liège :
Nombre del editor, distribuidor, etc. Ch. Béranger,
Fecha de publicación, distribución, etc. 1900.
300 ## - DESCRIPCIÓN FÍSICA
Extensión 3 v. :
Otras características físicas il., map., plan. ;
Dimensiones 28 cm.
505 8# - NOTA DE CONTENIDO CON FORMATO
Nota de contenido con formato Contiene: T. I-II. Texto -- T. III. Atlas
650 #7 - PUNTO DE ACCESO ADICIONAL DE MATERIA--TÉRMINO DE MATERIA
Término de materia o nombre geográfico como elemento de entrada Ingeniería civil
Fuente del encabezamiento o término embne
9 (RLIN) 13771
650 #7 - PUNTO DE ACCESO ADICIONAL DE MATERIA--TÉRMINO DE MATERIA
Término de materia o nombre geográfico como elemento de entrada Ingeniería hidráulica
Fuente del encabezamiento o término embne
9 (RLIN) 136287
700 12 - ENTRADA AGREGADA--NOMBRE PERSONAL
Nombre de persona Desprez, Henry.
Título de la obra Cours de travaux maritimes.
9 (RLIN) 126775
752 ## - ENTRADA AGREGADA--NOMBRE JERÁRQUICO DEL LUGAR
País o entidad superior Francia -
Ciudad París
752 ## - ENTRADA AGREGADA--NOMBRE JERÁRQUICO DEL LUGAR
País o entidad superior Bélgica -
Ciudad Lieja
852 ## - LOCALIZACIÓN
Ubicación ES-MaACL
Número de control de estantería G-7756-7758
Nota libre -- Enc. tela
Holdings
Estatus retirado Estado de pérdida Estado de daño No para préstamo Colección Biblioteca de origen Biblioteca actual Ubicación en estantería Fecha de adquisición Fuente de adquisición Total de préstamos Signatura topográfica completa Código de barras Visto por última vez Precio de reemplazo Tipo de ítem Koha
        Libros del s. XIX Biblioteca del Ateneo de Madrid Biblioteca del Ateneo de Madrid Sala Pecera Planta 3 17/01/2008     G-7756-7758 1171528 23/02/2023 23/02/2023 Libro impreso antiguo